000 00813nam a2200241Ia 4500
003 OSt
005 20220923212210.0
006 a|||||r|||| 00| 0
007 ta
008 220922b |||||||| |||| 00| 0 hin d
024 _a151,603
037 _cTextual
040 _aARTS
_cARTS
_bhin
041 _2hin
_ahin
082 _aDelta2xM72x, 152L4
100 _aवर्मा, श्याम बहादुर
245 0 _aश्री अरविन्द विचान दर्शन
246 _aShrī aravinda vichān darshana
260 _aदिल्ली
_b अरविन्द प्रकाशन
_c1974
300 _a151 पृ.
_ccm.
942 _hDelta2xM72x, 152L4
_cTEXL
_2CC
999 _c307276
_d307276